| 000 | 00534nam a22001577a 4500 | ||
|---|---|---|---|
| 003 | NUST | ||
| 082 | _a200 | ||
| 100 |
_aTahir, Junaid _998839 |
||
| 245 |
_aDesign and Development of Efficient Doherty Power Amplifier for S-Band Communication Applications / _cJunaid Tahir |
||
| 264 |
_aIslamabad : _bSEECS, NUST, _c2022. |
||
| 300 | _a90 p. ; | ||
| 650 |
_aMS-Electrical Engineering _923567 |
||
| 700 |
_aSupervisor: Dr. Nosherwan Shoaib _996841 |
||
| 856 | _uhttp://10.250.8.41:8080/xmlui/handle/123456789/30315 | ||
| 942 |
_2ddc _cSC |
||
| 999 |
_c591385 _d591385 |
||